Rosa Parks : (Record no. 1864)

MARC details
000 -LEADER
fixed length control field 01845cam a2200421 a 4500
001 - CONTROL NUMBER
control field 1864
003 - CONTROL NUMBER IDENTIFIER
control field FISKH
005 - DATE AND TIME OF LATEST TRANSACTION
control field 20231006092236.0
008 - FIXED-LENGTH DATA ELEMENTS--GENERAL INFORMATION
fixed length control field 060509s2006 nyua b 001 0beng d
010 ## - LIBRARY OF CONGRESS CONTROL NUMBER
LC control number 2006275928
020 ## - INTERNATIONAL STANDARD BOOK NUMBER
International Standard Book Number 0439660459 (pbk.)
035 ## - SYSTEM CONTROL NUMBER
System control number (OCoLC)ocm64035928
040 ## - CATALOGING SOURCE
Original cataloging agency MOW
Transcribing agency MOW
Modifying agency OCLCQ
-- DLC
Language of cataloging eng
042 ## - AUTHENTICATION CODE
Authentication code lccopycat
050 00 - LIBRARY OF CONGRESS CALL NUMBER
Classification number F334.M753
Item number P3826 2006
082 00 - DEWEY DECIMAL CLASSIFICATION NUMBER
Classification number 323.092
-- B
Edition number 22
100 1# - MAIN ENTRY--PERSONAL NAME
Personal name Brandt, Keith,
Dates associated with a name 1949-
245 10 - TITLE STATEMENT
Title Rosa Parks :
Remainder of title freedom rider /
Statement of responsibility, etc. by Keith Brandt and Joanne Mattern ; illustrated by Gershom Griffith.
260 ## - PUBLICATION, DISTRIBUTION, ETC.
Place of publication, distribution, etc. New York :
Name of publisher, distributor, etc. Scholastic,
Date of publication, distribution, etc. 2006.
300 ## - PHYSICAL DESCRIPTION
Extent 54 pages :
Other physical details illustrator ;
Dimensions 20 cm.
505 ## - FORMATTED CONTENTS NOTE
Formatted contents note T<br/>
520 ## - SUMMARY, ETC.
Summary, etc. "Rosa Parks boarded the bus that fateful day knowing exactly what she was going to do. She was going to stand up for her rights..." back cover
521 8# - TARGET AUDIENCE NOTE
Target audience note 800<br/>
Source Lexile <br/>
521 8# - TARGET AUDIENCE NOTE
Target audience note T<br/>
Source Raz-Plus<br/>
600 10 - SUBJECT ADDED ENTRY--PERSONAL NAME
Personal name Parks, Rosa,
Dates associated with a name 1913-2005
Form subdivision Juvenile literature.
650 #0 - SUBJECT ADDED ENTRY--TOPICAL TERM
Topical term or geographic name entry element African Americans
Geographic subdivision Alabama
-- Montgomery
Form subdivision Biography
-- Juvenile literature.
650 #0 - SUBJECT ADDED ENTRY--TOPICAL TERM
Topical term or geographic name entry element Civil rights workers
Geographic subdivision Alabama
-- Montgomery
Form subdivision Biography
-- Juvenile literature.
650 #0 - SUBJECT ADDED ENTRY--TOPICAL TERM
Topical term or geographic name entry element African Americans
General subdivision Civil rights
Geographic subdivision Alabama
-- Montgomery
Form subdivision Juvenile literature.
650 #0 - SUBJECT ADDED ENTRY--TOPICAL TERM
Topical term or geographic name entry element Segregation in transportation
Geographic subdivision Alabama
-- Montgomery
General subdivision History
Chronological subdivision 20th century
Form subdivision Juvenile literature.
651 #0 - SUBJECT ADDED ENTRY--GEOGRAPHIC NAME
Geographic name Montgomery (Ala.)
Form subdivision Biography
-- Juvenile literature.
651 #0 - SUBJECT ADDED ENTRY--GEOGRAPHIC NAME
Geographic name Montgomery (Ala.)
General subdivision Race relations
Form subdivision Juvenile literature.
700 1# - ADDED ENTRY--PERSONAL NAME
Personal name Mattern, Joanne,
Dates associated with a name 1963-
Relator term Author
700 1# - ADDED ENTRY--PERSONAL NAME
Personal name Griffith, Gershom.
Relator term illustrator
856 41 - ELECTRONIC LOCATION AND ACCESS
Materials specified Table of contents only
Uniform Resource Identifier <a href="http://www.loc.gov/catdir/toc/fy0701/2006275928.html">http://www.loc.gov/catdir/toc/fy0701/2006275928.html</a>
906 ## - LOCAL DATA ELEMENT F, LDF (RLIN)
a 7
b cbc
c copycat
d 2
e ncip
f 20
g y-gencatlg
942 ## - ADDED ENTRY ELEMENTS (KOHA)
Source of classification or shelving scheme Dewey Decimal Classification
Koha item type Books
Suppress in OPAC No
Holdings
Withdrawn status Lost status Source of classification or shelving scheme Damaged status Not for loan Collection Home library Current library Shelving location Date acquired Total Checkouts Full call number Barcode Date last seen Price effective from Koha item type
    Dewey Decimal Classification     Non-Fiction Footprints International School Library Network Toul Kork Campus Footprints International School Library Network Toul Kork Campus   10/06/2023   BRA 323.092 F334.M753 FISTK00352 10/06/2023 10/06/2023 Books